Operačný program poradenských služieb v pôdohospodárstve SR od 2007

Poskytovanie poradenských služieb pre farmárov v súvislosti s uplatňovaním krížového plnenia (Cross compliance) v agrosektore členských krajín EÚ. Minister pôdohospodárstva SR. Agroinštitút Nitra. Národné lesnícke centrum. Rezortné inštitúcie. Pôdohospodársky poradca. Celoživotné vzdelávanie poradco...

Full description

Saved in:
Bibliographic Details
Format: Book Chapter
Language:Slovak
Subjects:
Tags: Add Tag
No Tags, Be the first to tag this record!

MARC

LEADER 00000naa$a2200000$$$4500
001 0065456
005 20231013071754.1
041 0 |a slo 
044 |a SK 
245 1 0 |a Operačný program poradenských služieb v pôdohospodárstve SR od 2007 
520 |a Poskytovanie poradenských služieb pre farmárov v súvislosti s uplatňovaním krížového plnenia (Cross compliance) v agrosektore členských krajín EÚ. Minister pôdohospodárstva SR. Agroinštitút Nitra. Národné lesnícke centrum. Rezortné inštitúcie. Pôdohospodársky poradca. Celoživotné vzdelávanie poradcov. Informačná databáza poradenského systému. 
610 2 0 |a poradenstvo 
610 2 0 |a pôdohospodárstvo 
610 2 0 |a programy 
610 2 0 |a regióny 
610 2 0 |a Slovensko